000 00497nam a2200181Ia 4500
005 20250326125621.0
008 250326s9999 xx 000 0 und d
037 _aTextbook
040 _aFMSL
_beng
_cFMSL
041 _aeng
_2eng
084 _aX5:(Z) L2
_qFMSL
100 _aElliott's S
_9739259
245 0 _aQuick guides to business law
_cElliott's S
260 _aLondon
_bLondon, Business Books
_c1972
300 _a106p
942 _cTB
_hX5:(Z) L2
999 _c1278816
_d1278816